| 000 | 00000nam##2200000za#4500 |
| 001 | 9.604057 |
| 003 | CaOODSP |
| 005 | 20210624211400 |
| 007 | cr ||||||||||| |
| 008 | 150406|2006||||xxc|||||o f|0| 0 fre|d |
| 022 | |a1488-545X |
| 040 | |aCaOODSP|bfre |
| 043 | |an-cn--- |
| 086 | 1 |aFs97-6/2680F-PDF |
| 110 | 1 |aCanada. |bMinistère des pêches et des océans. |
| 245 | 10|aÉvaluations des stocks et densités ostréicoles au Nouveau-Brunswick en 2005 / |h[ressource électronique]|c[par] Luc A. Comeau ... [et al.]. |
| 260 | |aMoncton - Nouveau-Brunswick : |bPêches et Océans Canada |cc2006. |
| 300 | |a30p.|bgraphiques, cartes, références, tableaux, photographies |
| 490 | 1 |aRapport technique canadien des sciences halieutiques et aquatiques|x1488-545X|vN° 2680 |
| 500 | |aLe n° de catalogue (Fs97-6/2680F) et l'ISSN (0706-6570) de l'édition imprimée ont été incorrectement copiés dans l'édition électronique. |
| 546 | |a(Abstract in English) |
| 590 | |a12-24-Supp|b2012-05-30 |
| 720 | 1 |aComeau, Luc A. |
| 776 | 0#|tÉvaluations des stocks et densités ostréicoles au Nouveau-Brunswick en 2005 / |w(CaOODSP)9.627417 |
| 830 | #0|aRapport technique canadien des sciences halieutiques et aquatiques,|x1488-545X|vN° 2680|w(CaOODSP)9.500867 |
| 856 | 40|ahttp://publications.gc.ca|qPDF|s5.01 Mo|uhttps://publications.gc.ca/collections/collection_2012/mpo-dfo/Fs97-6-2680-fra.pdf|yN° 2680 |